000 00745nam a22002651 4500
001 23216
003 BD-RjUL
005 20211209000915.0
008 140310r19671963enkbf b 001 0 eng
035 _a(BD-RjUL)23281
035 _a(OCoLC)412610
040 _aDLC
_cODaWU
_dBD-RjUL
_beng
041 _aeng
082 _a919.1
_bJIL 1967
100 1 _aJin-Bee, Ooi.
_971563
245 1 0 _aLand, people, and economy in Malaya /
_cJin-Bee Ooi.
260 _aLondon :
_bLongmans,
_cc1963 [reprint 1967].
300 _axix, 426 p. :
_bill. ;
_c22 cm.
490 _aGeographies for advanced study
504 _aInclude bibliography and index.
651 0 _aMalaysia.
_971564
942 _2ddc
_cBK
999 _c23216
_d23216